[Event "St Petersburg-ch 73rd"]
[Site "St Petersburg"]
[Date "2000.04.10"]
[Round "8"]
[White "Ionov, Sergey"]
[Black "Yemelin, Vasily"]
[Result "1-0"]
[WhiteElo "2555"]
[BlackElo "2540"]
[Annotator "Golod,V"]
[PlyCount "131"]
[EventDate "2000.04.03"]
[EventType "tourn"]
[EventRounds "11"]
[EventCountry "RUS"]
[EventCategory "11"]
[SourceTitle "CBM 077"]
[Source "ChessBase"]
[SourceDate "2000.07.27"]
[SourceVersion "1"]
[SourceVersionDate "2000.07.27"]
[SourceQuality "1"]

1. d4 Nf6 2. c4 e6 3. Nc3 Bb4 4. Qc2 c5 5. dxc5 Bxc5 6. Bf4 $5 (6. Nf3 $5 {
It's main line.See comments to Kiriakov,P-Tiviakov,S/Port Erin,1999/CBM 74 
(1-0)(Golod,V)(34)}) 6... Nh5 {Fashionable move.Other possibilities are:} (6...
Nc6 $5 7. Nf3 (7. e3 $5 O-O (7... d5 $5 8. a3 $1 (8. cxd5 $5) (8. O-O-O Qa5 9.
Nf3 O-O 10. Nd2 $132) 8... d4 (8... e5 $5 9. Bg5 d4) (8... dxc4 $5) 9. O-O-O
Qa5 10. Nb5 e5 11. Bxe5 $1 Nxe5 12. exd4 Bg4 13. Be2 Nxc4 14. Qxc4 $16 {
Obermayr,H-Hellmayr,A/Aschach,1994 (1/2-1/2)(53)}) (7... a6 8. a3 Be7 9. Nf3
Nh5 $5 {[%csl Rf4]} 10. Bg3 h6 11. Be2 Nxg3 12. hxg3 Qc7 $132 {[%cal Gb7b6,
Gc8b7] Von Herman,U-Seils,J/Oberliga Nord,1995 (1-0)(45)}) 8. Nf3 (8. a3 $5 a6
9. b4 Be7 10. Nf3 Nh5 11. Bg3 f5 12. Be2 d6 13. Rd1 Nxg3 (13... Qe8 14. Bxd6
$16 {Nadj,C-Kolb,R/Neckar op,1999(1-0)(43)}) 14. hxg3 b6 15. g4 h6 $132) 8...
b6 9. Rd1 (9. Be2 a6 10. O-O Bb7 11. Rfd1 h6 12. a3 Re8 13. Na4 Bf8 14. Qb3 e5
15. Bg3 Re6 16. Nc3 Rc8 17. Qa2 $6 (17. Nd5 $132) 17... Nh5 18. Nh4 Nxg3 19.
hxg3 e4 20. Bg4 Ne5 21. Bxe6 (21. Bh3 g5 22. Bxe6 fxe6 $17 {Hansen,P-Hansen,C/
Aarhus op,1994(0-1) (25)}) 21... fxe6 22. b3 g5 $17) 9... Be7 10. a3 Bb7 11.
Nb5 d5 12. Bd3 Rc8 13. Qb1 g6 14. O-O Kg7 15. cxd5 Nxd5 16. Bg3 a6 17. Nc3 Bd6
18. Nxd5 (18. Bxd6 Qxd6 19. Nxd5 exd5 20. b4 $14) 18... Bxg3 19. hxg3 exd5 20.
b4 Qf6 21. Bxa6 (21. b5 axb5 22. Bxb5 $14) 21... Bxa6 22. b5 Bxb5 23. Qxb5 Ne7
$132 {Hansen,L-Hulak,K/Bled,1991(1/2-1/2)(51)}) 7... Qa5 $5 (7... d5 8. e3 Qa5
9. Nd2 {Lindstedt,J-Hentunen,A/Helsinki Club-ch,1990(0-1)(41) - well known
theoretical position.}) (7... a6 $6 8. e3 Nh5 $6 9. Bg5 f6 10. Bh4 g5 11. Bg3
f5 12. O-O-O Nxg3 13. hxg3 Qf6 14. a3 $16 {Wirth,W-Rea,A/Nuremberg,1990(1-0)
(30)} (14. g4 $16)) 8. a3 d5 9. e3 Be7 10. Nd2 {Tisdall,J-Petursson,M/Espoo zt,
1989(1-0) (39) - well known theoretical position.}) (6... O-O 7. e3 b6 8. Nf3
Bb7 9. a3 a6 10. Bd3 Be7 11. Rd1 d6 12. Ng5 h6 13. Nge4 Ne8 14. f3 Nd7 15. O-O
(15. Nxd6 $2 Nxd6 16. Bxd6 Bxd6 17. Bh7+ Kh8 18. Rxd6 Qh4+ 19. Qf2 Qe7 20. Qd2
Ne5 $17) 15... Qc7 $132 {Bronstein,D-Schandorff,L/Tastrup,1990(1-0) (42)}) (
6... e5 $6 7. Bg3 (7. Bxe5 Bxf2+ 8. Kxf2 Ng4+ 9. Ke1 Nxe5 $11) 7... Nc6 8. e3
O-O 9. a3 Be7 10. Nf3 d6 11. Rd1 Qa5 12. Be2 $14 {[%csl Gd5,Rd6] Ostenstad,
B-Ionescu,Co/Biel op,1990(1-0) (45)}) (6... b6 7. e3 Bb7 8. Nf3 Be7 (8... Nc6
9. Rd1 O-O 10. Be2 Be7 11. e4 Ne8 12. h3 d6 13. O-O Qb8 14. Rd2 Nf6 15. Rfd1
Ne5 16. Be3 Rc8 17. b3 Nxf3+ 18. Bxf3 Bc6 19. Bf4 Ne8 $132 {Forintos,
G-Tiviakov,S/Amantea op,1992 (0-1)(53)}) 9. Rd1 O-O 10. Be2 Na6 11. O-O Nc5 12.
Nd2 d6 13. e4 Qb8 14. Rfe1 a6 15. Bf1 Rc8 (15... Ncd7 $132) 16. e5 Ng4 17. exd6
Bxd6 18. Bg3 Bxg3 19. hxg3 $11 {Dragomarezkij,E-Rotstein,A/Minsk,1993 (1-0)(54)
}) (6... d6 $6 {Better is first to remove B from c5 to e7.} 7. Nf3 Nc6 8. e3
O-O 9. Be2 Qe7 10. O-O Rd8 11. Rfd1 Bd7 12. Rac1 Rac8 13. Qb1 Be8 14. a3 Bb6
$14 {Wong,S-Golts,R/CAN-ch U16,1997(0-1) (57)}) 7. Bd2 ({In my opinion
slightly worse is:} 7. Bg3 O-O (7... Nc6 $5 8. e3 Qa5 (8... O-O 9. Be2 Nxg3 10.
hxg3 f5 11. g4 h6 12. gxf5 Rxf5 13. g4 Rf7 14. Nh3 b6 15. Nf4 Bb7 16. Rh5 {
1/2-1/2 Drasko,M-Ionescu,Co/Balkaniad Varna,1994}) (8... b6 9. a3 Nxg3 10. hxg3
h6 11. Nf3 Bb7 12. Be2 Be7 13. g4 a6 14. Rh5 Qc7 $132 {Obermayr,H-Trauner,R/
Donau,1995(1-0) (33)}) 9. a3 Be7 10. Be2 Nxg3 11. hxg3 Bf6 12. Rc1 g6 13. Nf3
d6 14. Qd2 Ke7 $14 {Adianto,U-Sokolov,A/Tilburg,1994(1-0)(46)}) (7... Nxg3 8.
hxg3 h6 9. Nf3 Nc6 10. Rd1 b6 11. e3 Bb7 12. g4 Be7 13. Be2 a6 14. Kf1 Rc8 15.
g5 Nb4 16. Qb3 Qc7 17. gxh6 Rxh6 18. Rxh6 gxh6 19. Kg1 Bxf3 {1/2-1/2 Ivanov,
S-Makarov,M/Russian Club Cup,1998}) 8. Nf3 Nc6 9. a3 f5 10. e4 g5 11. b4 Be7
12. b5 g4 13. Nd2 (13. bxc6 gxf3 14. c7 Qe8 15. Be5 d6 16. Bd4 Qd7 $13) 13...
Nd4 14. Qd3 Nxg3 15. hxg3 Bf6 $132 {Makarjev,I-Yemelin,V/Sochi,1992(1-0)(39)})
7... b6 $146 ({Was checked in the previous game:} 7... O-O 8. e3 (8. Ne4 Be7
$132 {[%cal Gf7f5]}) 8... f5 9. Be2 Nf6 10. Nh3 (10. Nf3 b6 $132 {[%csl Ge4]
[%cal Gc8b7]}) 10... b6 11. a3 Bb7 12. f3 Nc6 13. O-O Rc8 $132 {Arlandi,
E-Efimov,I/Montecatini,1998(0-1) (36)}) 8. Nf3 Bb7 9. Rd1 $5 {[%cal Gd1d8,
Gc2c1] This move is useful, connected with R play on <->d and Qc2-c1 manoeuvre.
} Nc6 ({A little worse is:} 9... O-O 10. e4 $5 f5 11. Bd3 Nc6 12. a3 fxe4 13.
Bxe4 (13. Nxe4 Rxf3 $1 $132) 13... Nf6 14. Bg5 $14) 10. e4 O-O 11. Be2 Qb8 (
11... f5 $143 12. e5 $14 {[%csl Rh5]}) (11... e5 $143 12. Nd5 $14 {[%cal Gd1d7]
}) 12. O-O Nf6 13. h3 $5 {Played against the threat 13...Ng4.} ({Dubious:} 13.
a3 $6 {in view of:} Ng4 $1 {[%csl Rh2][%cal Gc6d4,Gb8h2]} 14. g3 f5 $132) 13...
h6 (13... Be7 $144 14. Be3 d6 15. Nd4 {[%cal Ga7a6] with standard position.})
14. Qc1 {[%cal Gd2f4]} Be7 15. Bf4 d6 16. Qc2 Ne5 $6 {Dubious decision.} ({
Right was} 16... Nd7 $1 {[%cal Gc6e5]} 17. Qd2 Nce5 18. Nd4 (18. Nxe5 Nxe5 19.
b3 a6 $132) (18. Nb5 Rd8 $1 (18... Bxe4 19. Nxe5 Nxe5 20. Nxd6 Bxd6 21. Qxd6
Qxd6 22. Rxd6 Ng6 23. Bg3 $14 {[%csl Ge2,Gg3]}) 19. Nxd6 Ng6 20. e5 Bxf3 21.
Bxf3 Ndxe5 22. Bxa8 Qxa8 $15 {[%csl Rd6]}) 18... a6 {with well known standard
position.}) 17. Nxe5 dxe5 18. Be3 $14 {[%csl Re5,Re6]} Bc6 19. a3 {White
preparing PP promotion on the queenside. Black's control on d4 square is not
important because Nf6 is too far from d4 and RR will be changed immediately if
appear on the d-file!} Qb7 20. f3 Bc5 21. Bxc5 bxc5 22. Rd6 Rfd8 23. Rfd1 Rxd6
24. Rxd6 Rb8 25. Rd2 Kf8 {Which white piece placed not good? Right, Be2} 26.
Qd3 $1 {[%cal Ge2d1,Gd1a4] White want to change BB!} Qe7 (26... Qd7 27. Qe3 (
27. Qxd7 Nxd7 28. Bd1 Nb6 $132 {[%csl Ga4]}) 27... Qe7 28. Bd1 $14 {[%cal
Gd1a4]}) 27. Bd1 Rb7 28. Qd6 $1 (28. Ba4 $6 Rd7 29. Qe2 Bxa4 30. Nxa4 Rd4 $1
$11) 28... Qxd6 29. Rxd6 {[%mdl 4096]} Bd7 {[%cal Gb7b2]} 30. Rd2 Ke7 31. Kf2 {
Bd1-a4 will not run away...} Ne8 32. Ba4 Nd6 33. Bxd7 Rxd7 34. Rc2 $1 f5 (34...
Nxc4 35. Na4 $14 {[%csl Rc5]}) 35. Na4 fxe4 $6 ({In my opinion, better was} 
35... Nb7 {and black have good cance to drew the game.}) 36. Nxc5 Rc7 37. b4 $1
$16 (37. Nxe4 $143 Rxc4 38. Re2 $14 (38. Rxc4 $2 Nxc4 $15 {[%csl Ra3,Rb2]}))
37... exf3 38. Kxf3 {Now doubled PP e6,e5 are not strong like white PP on the
queenside!} Rc8 39. Ke3 Rd8 40. Rc3 $2 $14 ({Clear advantage would bring} 40.
g4 $1 {[%csl Rf5,Yg4][%cal Gd6f5,Yg4f5]} h5 41. Nd3 $16) 40... Nf5+ 41. Ke2 Rd4
42. Nb3 Re4+ {White pieces started to play, it was not necessary for white...}
43. Kd2 Nd6 $2 $16 {[%csl Rc4]} (43... Rf4 $1 44. Ke2 Re4+ 45. Kd3 (45. Kd2 Rf4
$1) 45... Re3+ 46. Kd2 Rxc3 47. Kxc3 Ne3 48. g3 Nd1+ 49. Kc2 Nf2 50. h4 Ne4 51.
g4 Nf2 52. g5 hxg5 53. hxg5 Nh3 $44) (43... Nd4 $5 44. Kd3 (44. Nxd4 exd4 45.
Rg3 g5 46. Kd3 Rf4 47. c5 e5 $132) 44... Rf4 45. Nd2 (45. c5 Nb5) 45... Rf2 46.
g3 Rh2 {[%csl Rh3][%cal Gd4e2] and Black pieces are very active}) 44. Na5 $2
$14 ({Strong was} 44. c5 $1 Nb5 (44... Nc4+ $4 45. Kd3 $18) 45. Rg3 g5 46. Na5
Kd7 47. a4 Nc7 48. Rg4 $1 Rf4 (48... Rxg4 $143 49. hxg4 Na6 50. Kc3 e4 51. Nc4
$18) 49. b5 $16) 44... Kd7 (44... Rd4+ $143 45. Ke2 $16) 45. Re3 $6 {
Unsuccessful decision!} ({After} 45. c5 $1 Nb5 46. Rd3+ Kc7 47. g3 (47. a4 Nd4
48. Nc4 Re2+ 49. Kd1 Rxg2 50. Nxe5 Rg5 51. Re3 Rf5 52. Re4 g5 53. Nd3 $14)
47... g5 48. Rf3 Rd4+ 49. Ke2 Rd7 50. Re3 Nd4+ 51. Kf2 Nc2 $1 $14 {Position of
white is better, but the game is unclear.}) 45... Nxc4+ 46. Nxc4 Rxc4 47. Rxe5
Rc6 {Black want to built defence line on 6-th rank.} (47... Kd6 $143 48. Ra5
Rc7 49. Kd3 $16) 48. Ra5 a6 49. Kd3 (49. h4 $5) 49... Kc7 (49... g5 $6 50. Ke4
Kd6 $14 (50... Ke7 51. Ke5 $14)) 50. h4 $1 Kb7 {Useful move.} (50... Kd6 $11)
51. Re5 Rd6+ (51... Kc7 $11) 52. Ke3 Rc6 53. Kd3 Rd6+ 54. Ke3 Rc6 55. Kf4 Rc2
$4 {[%mdl 16384] Very bad move. Necessary was to turn back with K:} (55... Kc7
$1 56. Re3 Kd6 $1 {and it is quite difficult for white to continue initiative.}
57. Rd3+ (57. Rg3 $4 Rc4+ 58. Kf3 Rc3+ 59. Kf2 Rxg3 60. Kxg3 Kd5 $19 {[%csl
Ra3,Rb4][%cal Gd5c4,Gc4b3]}) 57... Ke7 58. Ke5 Rc1 {[%cal Gc1e1]} 59. g3 Re1+
60. Kd4 Kd6 61. Kc4+ Kc6 {and black keep defence.}) 56. g3 $16 Rc4+ 57. Re4 Rc6
58. a4 Kb6 (58... Rd6 59. Ke5 Rc6 60. Rg4 $16) 59. Ke5 Rc3 (59... h5 60. g4 $1
hxg4 (60... g6 61. g5 $18 {[%csl Rg6][%cal Ge5f6]}) 61. Rxg4 $22 $18) 60. Rg4
Re3+ 61. Kd6 a5 62. bxa5+ Kxa5 63. h5 $18 e5 64. Rxg7 Kxa4 65. g4 Kb4 66. Rg6
1-0

[Event "ISR-chT"]
[Site "Ramat Aviv"]
[Date "2000.01.28"]
[Round "3.2"]
[White "Alterman, Boris"]
[Black "Yudasin, Leonid"]
[Result "0-1"]
[WhiteElo "2561"]
[BlackElo "2565"]
[Annotator "Golod,V"]
[PlyCount "80"]
[EventDate "2000.01.14"]
[EventType "team"]
[EventRounds "11"]
[EventCountry "ISR"]
[SourceTitle "CBM 077"]
[Source "ChessBase"]
[SourceDate "2000.07.27"]
[SourceVersion "1"]
[SourceVersionDate "2000.07.27"]
[SourceQuality "1"]
[WhiteTeam "Rishon Le Zion Kasparov"]
[BlackTeam "Petah Tikva Elitzur"]
[WhiteTeamCountry "ISR"]
[BlackTeamCountry "ISR"]

1. d4 Nf6 2. c4 e6 3. Nc3 Bb4 4. Qc2 c5 5. dxc5 Qc7 $5 ({Black has several
options:} 5... O-O $5) (5... Bxc5 $5) (5... Nc6 $5) ({and} 5... Na6 $5) 6. Nf3
Bxc5 7. g3 (7. Bg5 $5 {It's main line.}) 7... Qb6 $1 {The idea of this
variation is to close diagonal c1-h6 - white Bc1.Another continuations are
worse:} (7... Be7 $5 8. Nb5 Qc6 9. Bf4 d6 10. Rd1 e5 11. Bg5 (11. Be3 Be6 12.
Bg2 a6 13. Nc3 Qxc4 14. Nxe5 Qc7 15. Nd3 $14 {Schandorff,L-Adamski,J/
Copenhagen op, 1998(1-0)(23)}) 11... Nbd7 12. Bg2 a6 13. Nh4 Qb6 14. Be3 Nc5
15. Nc3 $14 {Karpman,V-Newerovski,G/Belavenets mem, 1991(1/2-1/2)(60)}) (7...
a6 $5 8. Bg2 (8. Bf4 d6 (8... Qb6 $6 9. O-O-O Bxf2 10. Kb1 Be3 11. Na4 Qa7 12.
c5 Bxf4 13. gxf4 $16 {Dao Thien Hai-Csom,I/Budapest,1994 (1-0)(20)}) 9. Bg2
Nbd7 10. O-O O-O 11. Rad1 h6 12. a3 Nh5 13. Bc1 Nhf6 14. b4 Ba7 15. Qd3 Bb8 16.
Bf4 e5 17. Be3 $14 {Bareev,E-Razuvaev,Y/Tilburg,1993(1-0) (52)}) 8... b5 (8...
Be7 9. b3 (9. Qd3 d6 10. O-O Nbd7 11. b3 O-O 12. Rd1 Rd8 13. Bb2 Rb8 14. Rac1
$14 {Paronjan,A-Shestoperov,A/RUS-chT, Briansk,1995(1/2-1/2)}) 9... O-O 10. Bb2
d6 11. O-O Nbd7 12. Nd4 Ne5 13. Rfd1 Bd7 14. e3 Rac8 15. Rac1 Qb8 16. Qe2 Rfe8
17. h3 $14 {[%csl Rd7] Gabriel,C-Atlas,V/Bundesliga,1996(1/2-1/2) (38)}) 9. Bf4
(9. O-O Bb7 10. e4 (10. cxb5 axb5 11. Qd3 b4 12. Nb5 Qb6 13. Bf4 (13. Be3 $2
Bxe3 14. Nd6+ Ke7 15. Nc4 Bxf2+ 16. Rxf2 Qc5 $17) 13... Nd5 $132) 10... bxc4
11. Bf4 Qc8 12. Nd2 Nh5 13. Bxb8 Rxb8 14. Nxc4 O-O 15. Qd1 Nf6 $132 {Iashvili,
A-Lerner,K/Moscow,1991(0-1)(43)}) 9... Qb6 10. O-O Bb7 11. a3 $1 $14) (7... b6
$6 8. Bf4 $1 {See comments to Bareev,E-Yudasin,L/Groningen,1993/CBM 39 (1-0)
(Dautov,R)(41)}) 8. e3 {[%csl Rc1][%cal Gc1e3]} Be7 ({Badly:} 8... d5 $2 {
because of:} 9. cxd5 Nxd5 (9... exd5 $143 10. Na4 Bb4+ 11. Bd2 Bxd2+ 12. Qxd2 {
+/=/+/-}) (9... O-O 10. dxe6 Bxe6 11. Bg2 $16) 10. Nxd5 exd5 11. Bg2 O-O 12.
O-O $14 (12. Ng5 $6 Bb4+ 13. Bd2 Bxd2+ 14. Qxd2 d4 $1 $11)) 9. b3 a6 10. Bb2
Qc7 11. Bg2 d6 12. O-O Nbd7 13. Ng5 ({After} 13. Nd4 Rb8 14. e4 b6 15. Rad1 O-O
16. f4 Bb7 $132 {Standard position.}) 13... Rb8 14. Nge4 $146 ({Was checked in
the two previous games:} 14. Rac1 O-O (14... b6 15. Rfd1 Bb7 16. Nce4 Nxe4 17.
Nxe4 f5 18. Nc3 Bxg2 19. Kxg2 Qc6+ 20. f3 Ne5 21. Rf1 g5 $132 {Brglez,
R-Petrosian,A/Ptuj,1998(0-1)(64)}) 15. Rfd1 b6 16. Nce4 Nxe4 17. Nxe4 Bb7 18.
Qc3 {1/2-1/2 Khalifman,A-Akopian,V/FIDE-Wch, 1999}) 14... O-O $132 15. Rfd1 Ne8
{[%csl Rd6,Ye8][%cal Ye8d6]} 16. h4 {This move is not connected with e3-e4 and
f2-f4 promotions.} (16. Qe2 $132) 16... h6 17. Rac1 b6 18. f4 {[%csl Rg4]} Bb7
{Black built well-known structure.} 19. Qe2 {There are lot of possibilities in
this position} f5 {Boris Alterman offered draw to Yudasin after opening stage,
but Leonid Yudasin refused.} (19... Nef6 20. Nxf6+ Nxf6 21. e4 Rbc8 $11) (19...
Nc5 $132) 20. Nf2 Bxg2 21. Kxg2 b5 $5 {[%cal Rb7g2] Based on weak big diagonal
a8-h1.} 22. cxb5 axb5 23. e4 Qb7 24. Qf3 fxe4 25. Qxe4 Nef6 (25... Bf6 $2 26.
Qxb7 Rxb7 27. Nfe4 $14 {[%csl Rd6,Rf6]}) 26. Qxb7 Rxb7 27. Re1 (27. Rc2 b4 $132
) 27... Kf7 $1 {In endgame stage K must take part in the struggle!} 28. Nd3 (
28. b4 {[%cal Ga2a3]} e5 $132) 28... d5 29. Re2 $6 ({Much better was:} 29. a3
Ra8 30. b4 Nb6 31. Ne5+ Ke8 32. Ne2 (32. f5 Nc4 (32... exf5 33. Nxb5 $16) 33.
Nxc4 bxc4 34. fxe6 d4 35. Ne2 c3 36. Nxc3 dxc3 37. Rxc3 $15) 32... Nc4 33. Nxc4
bxc4 34. Nd4 Ne4 35. Nxe6 Kf7 36. f5 Bf6 37. Bxf6 Kxf6 38. Nf4 Ke5 39. Re3 d4
40. Nd3+ $1 cxd3 41. Rc5+ Kf6 42. Rxe4 Rd7 $11) 29... Ra8 $6 $132 (29... b4 $1
30. Na4 Ne4 31. Nf2 Nxf2 32. Kxf2 Nf6 $15 {[%cal Gf6e4]}) 30. Rce1 Nc5 (30...
Ra6 $2 31. f5 $16) 31. Nxc5 (31. Ne5+ $143 Ke8 32. b4 Nce4 33. Nxe4 Nxe4 34. a3
Bf6 $15) 31... Bxc5 32. Rd1 $2 {White played quite good until this moment.} ({
Equal position would become after:} 32. Kf3 Bb4 (32... d4 33. Ne4 Nxe4 34. Kxe4
Rxa2 35. Bxd4 Rxe2+ 36. Rxe2 Bxd4 37. Kxd4 Rd7+ 38. Ke4 $11 (38. Kc5 Rd3 $44))
33. Rd1 $11) ({Badly:} 32. Rxe6 {because of:} d4 33. Ne4 Nxe4 34. R6xe4 Rxa2
35. R1e2 d3 36. Rd2 Rd7 (36... Ba3 $2 37. Bc1 Rxd2+ 38. Bxd2 $14 {[%csl Rd3]
[%cal Gg2f3]}) 37. Bc1 (37. Bc3 Rc2 $19) 37... Rda7 38. Kf3 Rc2 39. Rxc2 dxc2
40. Re2 Ra2 41. Ke4 Ba3 $1 42. Bxa3 $140 c1=Q 43. Bxc1 Rxe2+ $19) 32... d4 $17
33. Nb1 (33. Nxb5 $6 Rxb5 34. Bxd4 Rd8 35. Red2 Bxd4 36. Rxd4 Rbd5 37. Rxd5
exd5 $19) 33... Rxa2 34. Kf3 Rd7 35. Bc1 ({Can be recommended:} 35. Rd3 Nd5 36.
Ke4 $17) 35... Rda7 $6 (35... Rxe2 $1 36. Kxe2 Nd5 $17) 36. Re5 $2 $19 (36. Bb2
$1 {[%csl Rd4] Would force white to go back with R:} Rd7 37. Bc1 Rxe2 38. Kxe2
Nd5 $17) 36... Rc2 $1 {[%csl Rf3][%cal Ga7a2]} 37. b4 (37. g4 Raa2 38. Rd2 Bb4
$19) 37... Raa2 $1 38. Rd2 (38. Be3 $5 Nd5 $1 39. Bxd4 (39. bxc5 dxe3 $19)
39... Bxd4 40. Rxd4 Rf2+ 41. Ke4 (41. Kg4 Nf6+ 42. Kh3 Rh2#) 41... Nf6+ 42. Kd3
Rab2 $1 $19) (38. Rxc5 $2 Rf2#) 38... Bxb4 39. Rxc2 Rxc2 40. Rxb5 Be1 {[%csl
Rc1,Rf3][%cal Gc2f2] Whole this game,despite the white's mistakes Leonid
Yudasin conducted very strong.} 0-1

[Event "Bundesliga 0203"]
[Site "Germany"]
[Date "2003.02.09"]
[Round "11.5"]
[White "Schenk, Andreas"]
[Black "Kalinitschew, Sergey"]
[Result "1-0"]
[WhiteElo "2479"]
[BlackElo "2485"]
[Annotator "Golod,V"]
[PlyCount "71"]
[EventDate "2002.10.19"]
[EventType "team-tourn"]
[EventRounds "15"]
[EventCountry "GER"]
[SourceTitle "CBM 094"]
[Source "ChessBase"]
[SourceDate "2003.05.26"]
[SourceVersion "1"]
[SourceVersionDate "2003.05.26"]
[SourceQuality "1"]
[WhiteTeam "Baden Oos"]
[BlackTeam "Kreuzberg"]
[WhiteTeamCountry "GER"]
[BlackTeamCountry "GER"]

1. d4 Nf6 2. c4 e6 3. Nc3 Bb4 4. Qc2 c5 5. dxc5 Na6 6. a3 Bxc3+ 7. Qxc3 Nxc5 8.
f3 a5 {It's main move in this position,besides black has two options:} (8... d5
$5 {See comments to Hillarp Persson,T-Brynell,S/Goteborg,1999/CBM 69(1-0)
(Golod,V)(46)}) ({and} 8... d6 9. e4 e5 ({Here more often was checked:} 9...
O-O $5 {You can see comments to Golod,V-Gaprindashvili,V/Linares,2001/CBM 80 
(1-0)(Golod,V)(47)}) 10. b4 $5 {See comments to Nguyen Anh Dung-Liu Dede/
Calcutta,2001/CBM 85(1-0)(Golod,V)(38)}) 9. e4 d6 ({Hardly is better:} 9... O-O
10. Be3 (10. Bf4 $5 {[%csl Rd6][%cal Yf4d6]} Qb6 11. Rd1 Ne8 12. Ne2 d6 13. Be3
$14 {[%cal Gb2b4] Bogoljubow,E-Alekhine,A/GER/NLD,1929/MainBase/ChessBase(1-0)
(38)}) 10... b6 11. Rd1 d5 12. Ne2 Qe7 13. e5 Nfd7 14. cxd5 exd5 15. Nf4 Bb7 $2
(15... Re8 $142) 16. Nxd5 Bxd5 17. Rxd5 Rac8 18. Bb5 {+/-/+- Chekhov,V-Zaitsev,
I/Moskva,1982(1-0)(24)}) 10. Be3 {[%csl Rc5][%cal Ge4e5]} ({Is a possible
continuations of the play:} 10. Ne2) ({and} 10. Nh3) 10... Qc7 11. Ne2 {
/\Qc2,Nc3} ({Repeatedly was checked in the previous games:} 11. Rd1) (11. Nh3
$143) 11... e5 {I am not sure, that this best decision. The point "d5" now
will be weak up to the end of a game.} ({Were checked in practice:} 11... Bd7
$5) ({and} 11... O-O) ({A little dubiously:} 11... b6) ({and} 11... a4 12. Nd4
Bd7 13. Be2 e5 14. Nb5 $1 Bxb5 15. cxb5 O-O 16. O-O Rfc8 17. Rac1 Qe7 18. Qb4 {
+/=/+/- Dragomarezkij,E-Kremenietsky,A/Moscow,1998(1-0)(39)}) 12. Qc2 $14 {
[%csl Rd5][%cal Ge2c3] The most logical reaction to the previous move of black.
} O-O 13. Nc3 Ne8 $146 {Black at once transfer to passive defence.} ({Were
checked in the preceding games:} 13... Be6 14. Rd1 Ne8 $6 (14... Rfd8 $142) 15.
Be2 (15. f4 $6 {[%cal Gf4f5]} f5 16. Nd5 Qf7 17. fxe5 Nxe4 18. exd6 N8xd6 19.
Be2 b5 $1 $36 {Martens,R-Hamann,S/Harrachov,1967(1/2-1/2)(66)}) 15... Nd7 $2
16. Nb5 Qc6 17. O-O a4 18. Qd2 $1 $18 {[%csl Rd6] See comments to Shamkovich,
L-Tseshkovsky,V/USSR,1970(Inf 10/651)(1-0)(Shamkovich,L)(37)}) 14. Nd5 Qd8 15.
Rd1 {[%csl Gd1,Rd8][%cal Gb2b4]} a4 {Differently,can become very badly:} (15...
Be6 16. b4 axb4 17. axb4 {and so on.}) 16. Be2 Bd7 ({Can be recommended:} 16...
Be6 $5) 17. O-O Rc8 18. Qd2 $1 {[%cal Gd2b4]} h6 $2 {Loss of an important
tempo. It was necessary:} (18... Rc6 19. Qb4 Nc7 20. Bxc5 Rxc5 (20... Na6 $4
21. Bb6 $18) 21. Qxb7 (21. Nc3 $143 Bc6 $1 22. Nxa4 $140 Na6 23. Qb3 Bxa4 24.
Qxa4 Qb6 $44 {[%csl Rg1]}) 21... Nxd5 22. cxd5 f5 $14) 19. Qb4 Rc6 ({Sergey
Kalinitschew don't have time on:} 19... f5 $2 {in view of:} 20. Nb6 Rc7 (20...
Na6 21. Qd2 Rc7 22. f4 $1 $18 {[%csl Rd7]}) (20... Rc6 21. Nxa4 Nxa4 22. Qxa4 {
+/-/+-}) 21. Bxc5 dxc5 $8 (21... Rxc5 $4 22. Nxd7 Qxd7 $140 23. Qxc5 {[%csl
Rd7]}) 22. Qxa4 {[%csl Rd8] +/-/+-}) 20. Rd2 {Why to not take away the pawn?} (
20. Bxc5 $5 Rxc5 21. Qxb7 $16) 20... Nb3 21. Rc2 Nc5 22. Bd1 $6 ({Again it was
better:} 22. Bxc5 $5 $16 {[%csl Rb7][%cal Gb4b7]}) 22... f5 (22... Nc7 $142)
23. exf5 Bxf5 24. Rd2 Rf7 25. Bxc5 {At last, white has decided to take away
this knight.} dxc5 (25... Rxc5 $143 26. Bxa4) 26. Qc3 $16 {[%csl Ra4,Re5]
White again do not hasten with material gains.} b5 (26... Ra6 $143 27. Qxe5 Re6
28. Qc3 {[%csl Ra4]}) 27. Ne3 ({It was much better:} 27. cxb5 Rd6 28. Qxe5 Be6
29. Re1 {[%csl Re8]} Rf5 (29... Rfd7 $144 30. Bxa4 {[%csl Re8][%cal Gb5b6]} Bf7
31. Bb3 $18) 30. Qe3 {[%csl Re6,Re8][%cal Gd5e7]} Rf8 {[%csl Re8][%cal Yf8e8]}
31. Nf4 $1 Rxd2 32. Nxe6 $18) 27... Rd6 28. Rxd6 Nxd6 29. cxb5 ({Also good
enough:} 29. Nxf5 Nxf5 (29... Rxf5 $2 30. cxb5 Nxb5 $140 $4 31. Qc4+ {[%csl
Rb5,Rg8]}) 30. cxb5 Qd4+ 31. Qxd4 (31. Kh1 $2 Ne3 {[%csl Rd1,Rf1]} 32. Qxd4
exd4 33. Re1 Nxd1 34. Rxd1 Rb7 $17) 31... exd4 32. Bxa4 Ne3 33. Rc1 c4 34. b6
Rb7 (34... d3 $143 35. Re1 Nd5 36. b7 $1 Rxb7 (36... Rf8 37. Re8 {[%cal Gb7b8]}
Rxe8 38. Bxe8 d2 39. Ba4 {[%cal Ya4d1,Gb7b8]}) 37. Bc6 $18) 35. Bb5 Rxb6 36.
Bxc4+ Nxc4 37. Rxc4 Rxb2 38. Rxd4 {with easy win in RR endgame.}) 29... Nxb5
30. Qxc5 ({It was possible to take away and other pawn:} 30. Qxe5 Bd3 31. Re1
Qa5 32. Nd5 $16) 30... Bd3 31. Re1 (31. Rf2 $142) 31... Nd4 $2 ({After:} 31...
Qh4 $1 32. g3 $140 Qd4 33. Qxd4 Nxd4 (33... exd4 $143 34. Nd5) 34. Ng4 $16 {
Black keep the minimal chances for positive result.}) 32. Ng4 {[%csl Re5]} e4
33. fxe4 $18 Bb5 (33... Ne6 34. Qe3 $18) 34. Ne5 Re7 ({Also loses:} 34... Rc7
35. Qd5+ Qxd5 36. exd5 Rc5 37. d6 Rd5 38. d7 Bxd7 39. Nxd7 Rxd7 40. Bxa4 $18)
35. Nf3 Qa5 $138 36. Qxd4 {[%cal Yf3e1]} 1-0